000 00848nam a22002657a 4500
999 _c171495
_d171495
003 OSt
005 20190307165219.0
008 190307s2008 enko|||g s||| 00| 0 eng d
020 _a9781847372697
_cRM 53.90
_qhardback.
040 _aPPAK
_beng
_cPPAK
_erda
082 0 4 _223
_a796.334092
090 _a796.334092
_bPEL
_dR
100 0 _aPelé,
_d1940-
245 0 0 _aPELÉ : MY LIFE IN PICTURES /
_cby Pelé,
264 1 _aLondon :
_bSimon & Schuster,
_c2008.
300 _a95 pages :
_bcolour, illustrations , photographs
_c28 cm.
336 _2rdacontent
_atext
337 _2rdamedia
_aunmediated
338 _2rdacarrier
_avolume
500 _aIncludes credit image.
505 _aPhotographs and memorabilia from football's greatest player.
600 0 0 _aPelé,
_d1940-
650 1 0 _aSoccer players
_vBiography
_zBrazil
942 _2ddc
_cB